The Andy Griffith Show Characters - Statistics

General Stats
  • This quiz has been taken 228 times
  • The average score is 13 of 16
Answer Stats
Hint Answer % Correct
Andy's deputy Barney
97%
Andy's son Opie
97%
What is Andy's last name in the show Taylor
97%
Town the show takes place in Mayberry
96%
Who is the town drunk Otis
92%
Dim-witted mechanic Gomer
88%
Name of the barber Floyd
87%
^his cousin Goober
86%
School teacher and girlfriend of Andy in later episodes Helen Crump
83%
Deputy's girlfriend Thelma Lou
75%
Andy's aunt Aunt Bee
71%
^Her best friend Clara Edwards
71%
Andy's first girlfriend of the show and pharmacist Ellie Walker
66%
A trouble making mountain man Ernest T. Bass
65%
Deputy's girlfriend that was never seen but always talked to on the phone Juanita
64%
Girl who was in love with Andy Charlene Darling
47%
No matching quizzes found
Score Distribution
Percent of People with Each Score
Percentile by Number Answered
Your Score History
You have not taken this quiz